Statistics for Characters in Doraemon

Click here to take the quiz!

General Stats

  • This quiz has been taken 447 times
  • The average score is 7 of 14

Answer Stats

HintAnswer% Correct
The blue cat who has lots of future equipmentsDoraemon
99%
The kid who is always needing assistanceNobita
98%
The kid who likes to show off about anythingSuneo
84%
The girl that Nobita likesShizuka
74%
The big kid who likes singing (but is bad at it)Gian
65%
Doraemon's sisterDorami
63%
The kid who is the smartest in the classDekisugi
58%
The sister of aboveJaiko
40%
Nobita's motherTamako
37%
Nobita's sonNobisuke
34%
Nobita's fatherNobisuke
32%
Nobita's great-grand sonSewashi
27%
The cat that Doraemon likesMii
22%
The brother of aboveSunetsugu
13%

Score Distribution

Percentile by Number Answered

Percent of People with Each Score

Your Score History

You have not taken this quiz